Central Library OPAC University of Rajshahi

Complaint and Answer, Shikwa and Jawab-i shikwa / (Record no. 28786)

MARC details
000 -LEADER
fixed length control field 00814cam a22002531 4500
001 - CONTROL NUMBER
control field 28786
003 - CONTROL NUMBER IDENTIFIER
rucl marc code BD-RjUL
005 - DATE AND TIME OF LATEST TRANSACTION
control field 20211209051328.0
008 - FIXED-LENGTH DATA ELEMENTS--GENERAL INFORMATION
fixed length control field 140331q19501959pk 000 0 eng
035 ## - SYSTEM CONTROL NUMBER
System control number (BD-RjUL)28868
040 ## - CATALOGING SOURCE
Original cataloging agency DLC
Transcribing agency DLC
Modifying agency DLC
Language of cataloging eng
041 ## - LANGUAGE CODE
Language code of text/sound track or separate title eng
082 ## - DEWEY DECIMAL CLASSIFICATION NUMBER
Classification number 891.41
Author mark and year IQC 1961
100 1# - MAIN ENTRY--PERSONAL NAME
Personal name Iqbal, Muhammad,
Dates associated with a name 1877-1938.
9 (RLIN) 88039
245 10 - TITLE STATEMENT
Title Complaint and Answer, Shikwa and Jawab-i shikwa /
Statement of responsibility, etc. Translated out of the Urdu into English verse by A.J. Arberry.
260 ## - PUBLICATION, DISTRIBUTION, ETC. (IMPRINT)
Place of publication, distribution, etc. Lahore :
Name of publisher, distributor, etc. Shaikh Muhammad Ashraf,
Date of publication, distribution, etc. C1950 [reprinting 1961]
300 ## - PHYSICAL DESCRIPTION
Pagination viii, 79 p. ;
Size 18 cm.
650 ## - SUBJECT ADDED ENTRY--TOPICAL TERM
Topical term or geographic name as entry element Sindhi Literature
9 (RLIN) 163811
700 1# - ADDED ENTRY--PERSONAL NAME
Personal name Arberry, A. J.
Fuller form of name (Arthur John),
Dates associated with a name 1905-1969.
942 ## - ADDED ENTRY ELEMENTS (KOHA)
Source of classification or shelving scheme Dewey Decimal Classification
Koha item type Books
Holdings
Lost status Source of classification or shelving scheme Damaged status Not for loan Collection code Permanent Location Current Location Shelving location Date acquired Total Checkouts Full call number Date last seen Copy number Koha item type Source of acquisition
  Dewey Decimal Classification     Non-fiction Central Library, University of Rajshahi Central Library, University of Rajshahi Reading Room 31/03/2014   891.41 IQC 1959 31/03/2014 C-1 Books  
  Dewey Decimal Classification     Non-fiction Central Library, University of Rajshahi Central Library, University of Rajshahi   24/02/1967   891.41 IQC 1961 13/11/2016 C-2 Books Zeetlinger